书目信息 |
| 题名: |
英语笔译实务真题解析
|
|
| 作者: | 贺莺 主编 ;全国翻译专业资格 (水平) 考试用书编委会 编 | |
| 分册: | 2级 | |
| 出版信息: | 北京 新世界出版社 2019.04 |
|
| 页数: | 226页 | |
| 开本: | 29cm | |
| 丛书名: | ||
| 单 册: | ||
| 中图分类: | H315.9-44 | |
| 科图分类: | ||
| 主题词: | 英语--ying yu--翻译--资格考试--题解 | |
| 电子资源: | ||
| ISBN: | 978-7-5104-6300-6 | |
| 000 | 01169nam 2200289 450 | |
| 001 | 202019135926 | |
| 005 | 20191026133320.0 | |
| 010 | @a978-7-5104-6300-6@dCNY68.00 | |
| 100 | @a20191015d2019 em y0chiy50 ea | |
| 101 | 0 | @achi@aeng |
| 102 | @aCN@b110000 | |
| 105 | @ak q 000yy | |
| 106 | @ar | |
| 200 | 1 | @a英语笔译实务真题解析@Aying yu bi yi shi wu zhen ti jie xi@i2级@f全国翻译专业资格 (水平) 考试用书编委会编 |
| 205 | @a新版 | |
| 210 | @a北京@c新世界出版社@d2019.04 | |
| 215 | @a226页@d29cm | |
| 300 | @a全国翻译专业资格 (水平) 考试官方指定用书 | |
| 314 | @a书内题: 贺莺主编 | |
| 330 | @a本书是全国翻译专业资格 (水平) 考试官方指定的辅导用书。该书首次公开近几年的全国翻译专业资格 (水平) 考试英语二级笔译实务的真题, 并进行详细的解析和翻译指导, 力求快速提高考生的双语互译能力, 有效指导考生提升翻译技巧。 | |
| 517 | 1 | @a2级@A2 ji |
| 606 | 0 | @a英语@Aying yu@x翻译@x资格考试@j题解 |
| 690 | @aH315.9-44@v5 | |
| 701 | 0 | @a贺莺@Ahe ying@4主编 |
| 712 | 02 | @a全国翻译专业资格 (水平) 考试用书编委会@Aquan guo fan yi zhuan ye zi ge ( shui ping ) kao shi yong shu bian wei hui@4编 |
| 801 | 0 | @aCN@c20190905 |
| 905 | @a河南城建学院图书馆@dH315.9-44@eH324 | |
| 英语笔译实务真题解析.2级/全国翻译专业资格 (水平) 考试用书编委会编.-新版.-北京:新世界出版社,2019.04 |
| 226页;29cm |
| 全国翻译专业资格 (水平) 考试官方指定用书 |
| ISBN 978-7-5104-6300-6:CNY68.00 |
| 本书是全国翻译专业资格 (水平) 考试官方指定的辅导用书。该书首次公开近几年的全国翻译专业资格 (水平) 考试英语二级笔译实务的真题, 并进行详细的解析和翻译指导, 力求快速提高考生的双语互译能力, 有效指导考生提升翻译技巧。 |
| ● |
| 相关链接 |
|
|
|
正题名:英语笔译实务真题解析
索取号:H315.9-44/H324
 
预约/预借
| 序号 | 登录号 | 条形码 | 馆藏地/架位号 | 状态 | 备注 |
| 1 | 1444851 | 214448515 | 语言库209/209语言库 40排3列1层/ [索取号:H315.9-44/H324] | 在馆 | |
| 2 | 1444852 | 214448524 | 语言库209/209语言库 40排3列1层/ [索取号:H315.9-44/H324] | 在馆 |